Architecture For People: The Complete Works Of Hassan Fathy. (Record no. 84043)
[ view plain ]
| 000 -LEADER | |
|---|---|
| fixed length control field | 00448nam a2200157Ia 4500 |
| 008 - FIXED-LENGTH DATA ELEMENTS--GENERAL INFORMATION | |
| fixed length control field | 230116s9999 xx 000 0 und d |
| 020 ## - INTERNATIONAL STANDARD BOOK NUMBER | |
| International Standard Book Number | 9780823002269 |
| 041 ## - LANGUAGE CODE | |
| Language code of text/sound track or separate title | eng |
| 082 ## - DEWEY DECIMAL CLASSIFICATION NUMBER | |
| Classification number | 720.95 |
| 100 ## - MAIN ENTRY--PERSONAL NAME | |
| Personal name | Steete J. |
| 9 (RLIN) | 106454 |
| 245 ## - TITLE STATEMENT | |
| Title | Architecture For People: The Complete Works Of Hassan Fathy. |
| 260 ## - PUBLICATION, DISTRIBUTION, ETC. (IMPRINT) | |
| Name of publisher, distributor, etc. | Whitney Library Of Design. |
| Date of publication, distribution, etc. | 1997 |
| 300 ## - PHYSICAL DESCRIPTION | |
| Extent | 208 |
| 906 ## - LOCAL DATA ELEMENT F, LDF (RLIN) | |
| b | 37.0 |
| Withdrawn status | Lost status | Source of classification or shelving scheme | Damaged status | Not for loan | Collection code | Home library | Current library | Date acquired | Vendor | Cost, normal purchase price | Bill number | Total Checkouts | Full call number | Barcode | Date last seen | Date last checked out | Cost, replacement price | Bill Date | Koha item type | Original Barcode |
|---|---|---|---|---|---|---|---|---|---|---|---|---|---|---|---|---|---|---|---|---|
| Dewey Decimal Classification | Book of B Arch | Dr. Bhanuben Nanavati College of Architecture | Dr. Bhanuben Nanavati College of Architecture | 22/12/2022 | Metro Books | 6165.50 | 2087 | 1 | 720.95 STE | BNCA-BK-12094 | 02/09/2025 | 26/08/2025 | 9786.50 | 16/01/2023 | Reference book | B012094 |